Physicochemical applications of gas chromatography /
Guardado en:
| Autor Principal: | |
|---|---|
| Otros Autores: | |
| Formato: | Libro |
| Idioma: | English |
| Publicado: |
New York :
Wiley,
c1978.
|
| Materias: | |
| Etiquetas: |
Agregar Etiqueta
Sin Etiquetas, Sea el primero en etiquetar este registro!
|
| LEADER | 00774cam a22002295a 4500 | ||
|---|---|---|---|
| 001 | EIQ.libpla000885 | ||
| 008 | 780321s1978####nyua#####b####001#0#eng#d | ||
| 005 | 20060613150052.0 | ||
| 245 | 1 | 0 | |a Physicochemical applications of gas chromatography / |c Richard J. Laub, Robert L. Pecsok. |
| 260 | |a New York : |b Wiley, |c c1978. | ||
| 300 | |a xxi, 300 p. : |b il. ; |c 24 cm. | ||
| 500 | |a "A Wiley-Interscience publication." | ||
| 504 | |a Incluye referencias bibliográficas e índices. | ||
| 020 | |a 0471518387 | ||
| 100 | 1 | |a Laub, Richard J., |d 1945- | |
| 700 | 1 | |a Pecsok, Robert L. | |
| 082 | 0 | 0 | |a 544/.926 |
| 650 | 4 | |a Gases |x Cromatografía. | |
| 650 | 4 | |a Gas |x Chromatography. | |
| 010 | |a 78005493 | ||
| 040 | |a DLC |c DLC |d AR-BbSID | ||
| 859 | |a AR-BbSID |b BIB. PLAPIQUI |h 544.926 |i L 36 |p 4199 | ||
